Movies Quiz

Random Movies or Blitz Quiz

Peg a Polyjuiced Potter! Quiz Stats

Quiz Updated Apr 27, 2016

Challenge
Share
Tweet
Score 0/7 Timer 00:30
6 Plays Today
% Correct
Harry
Potter
90.7%
Hermione
Granger
83.6%
Fleur
Delacour
73.9%
Fred
Weasley
63.5%
George
Weasley
60.2%
Ron
Weasley
55.3%
Mundungus
Fletcher
34.6%

You're not logged in!

Compare scores with friends on all Sporcle quizzes.
Sign Up with Email
OR
Log In

You Might Also Like...

Show Comments

Extras

Top Quizzes Today


Score Distribution

Your Account Isn't Verified!

In order to create a playlist on Sporcle, you need to verify the email address you used during registration. Go to your Sporcle Settings to finish the process.